Estatísticas para Os 15 principais países com mortes por Covid19 - 28 abr 2021

Clique aqui para jogar o quiz

Estatísticas Gerais

  • Esse quiz foi jogado 12 vezes
  • A pontuação média é 15 de 24

Estatísticas das Respostas

país% Correto
Argentina
100%
Brasil
100%
Estados Unidos
100%
França
100%
Índia
100%
Itália
100%
México
100%
Peru
88%
Reino Unido
88%
Rússia
88%
Alemanha
75%
Colômbia
75%
Espanha
75%
Irão
63%
Bélgica
50%
Polônia
50%
Chéquia
38%
Croácia
25%
Eslováquia
25%
Eslovénia
25%
Bósnia e Herzegovina
13%
Bulgária
13%
Hungria
13%
Macedónia do Norte
13%

Distribuição das Pontuações

Percentil de Números Respondidos

Porcentagem de Pessoas com Cada Pontuação

Sua Pontuação Histórica

Você não jogou esse quiz